000 00637cam a22002294a 4500
001 12446390
005 20180215040420.0
008 010619s2001 nyua 001 0 eng
010 _a 2001092737
020 _a0764508938
040 _aDLC
_cDLC
_dDLC
041 _aeng
042 _apcc
080 _a005.4469
082 0 0 _a005.4469 RATH
_221
100 1 _a30
101 _aSHKI
245 1 0 _aWindows XP for dummies /
_cby Andy Rathbone.
906 _a7
_bcbc
_corignew
_d2
_eepcn
_f20
_gy-gencatlg
942 _2ddc
_cBK
999 _c42600
_d42600